[Event "Maastricht Limburg op-C 4th"]
[Site "Maastricht"]
[Date "2010.05.23"]
[Round "5"]
[White "Van der Heijden, Arnold"]
[Black "Boer, Jan"]
[Result "1-0"]
[WhiteElo "1618"]
[BlackElo "1689"]
[PlyCount "51"]
[EventDate "2010.05.21"]
[EventType "swiss"]
[EventRounds "7"]
[EventCountry "NED"]
[SourceTitle "EXT 2011"]
[Source "ChessBase"]
[SourceDate "2010.11.26"]
[SourceVersion "1"]
[SourceVersionDate "2010.11.26"]
[SourceQuality "1"]

1. e4 c5 2. Nf3 Nc6 3. d4 cxd4 4. Nxd4 Nf6 5. Nc3 e6 6. Be3 Bb4 7. f3 Qa5 8. Qd3 Ne5 9. Qd2 d5 10. Bb5+ Bd7 11. Bxd7+ Nexd7 12. Nb3 Qc7 13. exd5 Nxd5 14. 0-0-0 Bxc3 15. bxc3 Nxc3 16. Qd6 Qc8 17. Bg5 Nf6 18. Rd3 Ncd5 19. Rhd1 h6 20. Bh4 g5 21. Bg3 Qd7 22. Nc5 Qxd6 23. Bxd6 0-0-0 24. Be5 b6 25. Nb3 Kb7 26. Bxf6 1-0